000 00426nam a2200205Ia 4500
001 11609
003 GE_BSU
008 181216s||||||||xx |||||||||||||| ||und||
020 _a9780593050200
040 _cGE_BSU
080 _a821.111-32
100 _aSteel,Danielle.
245 _aEchoes.
260 _aLondon
260 _bBantam press.
260 _c2004.
300 _a325p;25cm.
653 _aEchoes.
942 _cBK
999 _c44804
_d44804